000 01189nam a22002657a 4500
005 20170124103111.0
010 _aB-047730
020 _c200.00
_a8188139025
035 _aB-047730
037 _bCen Lib/Ret
040 _aDPL
_bHN
082 _a384
_bओझाडी
100 _aओझा ,डी. डी.
_942260
245 _aदूरसंचार एवं सुचना प्रौधोगिकी /
_cडी. डी. ओझा [एवं] सत्यप्रकाश
246 _aDoorsanchar evam suchna proudhogiki
_b by D.D. Ojha [evam] Satyaprakash
260 _aदिल्ली
_bज्ञान गंगा प्रकाशन
_c2001
270 _aचावडी बाज़ार
_bदिल्ली
_e110006
300 _a197पृष्ठ. :
_c21सेमी(सजिल्द)
_bचित्र.
650 _aदूरसंचार
_979888
650 _aदूरसंचार , नवीन आयाम
_978791
650 _aTelecommunications
_979889
650 _aTelecommunications , new dimensions
_979890
700 _aसत्यप्रकाश
_943304
942 _2ddc
_cHN
_h384
_mओझाडी
999 _c118388
_d118388